महाराष्ट्र चरित्र ग्रंथमाला संच ( मानववंशशास्त्रज्ञ इरावती कर्वे ). (Record no. 1336638)

MARC details
000 -LEADER
fixed length control field 01081nam a2200181Ia 4500
008 - FIXED-LENGTH DATA ELEMENTS--GENERAL INFORMATION
fixed length control field 151202s9999||||xx |||||||||||||| ||und||
082 ## - DEWEY DECIMAL CLASSIFICATION NUMBER
Item number PNVM-70128
100 ## - MAIN ENTRY--PERSONAL NAME
Personal name मुटाटकर रामचंद्र.
245 ## - TITLE STATEMENT
Title महाराष्ट्र चरित्र ग्रंथमाला संच ( मानववंशशास्त्रज्ञ इरावती कर्वे ).
260 ## - PUBLICATION, DISTRIBUTION, ETC. (IMPRINT)
Name of publisher, distributor, etc "श्री गंधर्व - वेद प्रकाशन, पुणे."
260 ## - PUBLICATION, DISTRIBUTION, ETC. (IMPRINT)
Date of publication, distribution, etc 70128
300 ## - PHYSICAL DESCRIPTION
Extent 143
600 ## - SUBJECT ADDED ENTRY--PERSONAL NAME
Personal name मुटाटकर रामचंद्र.
630 ## - SUBJECT ADDED ENTRY--UNIFORM TITLE
Uniform title महाराष्ट्र चरित्र ग्रंथमाला संच ( मानववंशशास्त्रज्ञ इरावती कर्वे ).
700 ## - ADDED ENTRY--PERSONAL NAME
Personal name मुटाटकर रामचंद्र.
730 ## - ADDED ENTRY--UNIFORM TITLE
Uniform title महाराष्ट्र चरित्र ग्रंथमाला संच ( मानववंशशास्त्रज्ञ इरावती कर्वे ).
942 ## - ADDED ENTRY ELEMENTS (KOHA)
Koha item type Book
Holdings
Withdrawn status Lost status Damaged status Not for loan Home library Current library Date acquired Cost, normal purchase price Total Checkouts Full call number Barcode Date last seen Cost, replacement price Price effective from Koha item type
        Pune Nagar Vachan Mandir, Pune Pune Nagar Vachan Mandir, Pune 06/21/2015 0.00   PNVM-70128 PNVM-70128 12/02/2015 0.00 12/02/2015 Book